1886 1601 1888 1670 1024 1890 1401 1536 1590 1863 1184 1815 1919 1595 1556 1426 1970 1138 1879 1795 1913 1950 1947 1706 1745 1649 1705 1206 1477 1103 1180 1473 1556 1007 1419 1338 1486 1645 1773 1970 1919 1447 1083 1246 1454 1592 1879 1785 1677 1868 1594 1428 1494 1514 1424 1784 1102 1967 1884 1746 1562 1973 1403 1874 1550 1175 1948 1225 1676 1708 1222 1442 1723 1512 1622 1945 1596 1624 1675 1078 1240 1369 1857 1630 1333 1632 1830 1882 1483 1158 1651 1288 1020 1245 1411 1921 1578 1839 1884 BCNSPRNW ULIB Ver.6.0+V

เปลี่ยนเป็นภาษาไทย

Change to English
 แสดงรายละเอียดบรรณานุกรม
  กลับหน้าหลัก

Brief Record : Get Marc (ISO 2709) : E-mail record : QR code < ปิดหน้าต่าง
LEADER : 00000nam 2200000uu 4500
001    13399121858
003     ULIB
008    121212s2549||||th 000 0 tha d
020    ^a9749427998
020    ^a9789749427996
060 04 ^aWO5^bป364ศ ล.34
245 00 ^aศัลยศาสตร์วิวัฒน์ 34 :^bDifficult surgery /^c[บรรณาธิการ],ประยุทธ์ ศิริวงศ์, เพชร เกษตรสุวรรณ, ชาญชัย นิมิตรวานิช
246 30 ^aDifficult surgery
250    ^aพิมพ์ครั้งที่ 1
260    ^aกรุงเทพฯ :^bโฆษิตการพิมพ์,^c2549
300    ^a593 หน้า :^bภาพประกอบ ;^c22 ซม.
650  7 ^aศัลยศาสตร์
653    ^aผลงานอาจารย์คณะแพทยศาสตร์ศิริราชพยาบาล
700 0  ^aประยุทธ์ ศิริวงศ์,^eบรรณาธิการ
700 0  ^aเพชร เกษตรสุวรรณ,^eบรรณาธิการ
700 0  ^aชาญชัย นิมิตรวานิช,^eบรรณาธิการ
945    ^p800^l0^i24772
995    ^aทศพร
999    ^aทศพร เกษรทอง
รายการนี้ยังไม่มีแท็ก
คุณยังไม่ได้ล็อกอิน คุณสามารถมีกิจกรรมร่วมกับเว็บไซต์ได้ แต่ต้องล็อกอินก่อน ::
  ล็อกอิน

รายการสื่อสารสนเทศ

ลำดับที่ ประเภท เลขเรียก/บาร์โค้ด สถานที่ สถานะ
1. วิทยาศาสตร์การแพทย์ และสุขภาพ
วิทยาศาสตร์การแพทย์ และสุขภาพ
WO5 ป364ศ ล.34 ฉ.1 
  Barcode: 24772
ห้องสมุดวิทยาเขตสวรรค์ประชารักษ์
►หนังสือทั่วไป
บนชั้น

รายการใกล้เคียง
    หัวเรื่อง [ศัลยศาสตร์]

BibComment


ยังไม่เคยถูกคอมเมนท์

คอมเมนท์ทรัพยากรรายการนี้
  คอมเมนท์: ศัลยศาสตร์วิวัฒน..


 Copyright 2026. Bcnsprnw @Library